[Event "CRO Team Cup"]
[Site "Mali Losinj"]
[Date "2017.05.11"]
[Round "2.93"]
[White "Greb, Nikola"]
[Black "Kovac, Hrvoje"]
[Result "0-1"]
[WhiteElo "2049"]
[BlackElo "1959"]
[PlyCount "152"]
[EventDate "2017.??.??"]

1. e4 d6 2. d4 Nf6 3. Nc3 e5 4. Nf3 Nbd7 5. Bc4 Be7 6. h3 c6 7. a4 O-O 8. Be3
Qa5 9. O-O exd4 10. Qxd4 Ne5 11. Be2 Nxf3+ 12. Bxf3 Be6 13. b4 Qc7 14. Bf4 Nd7
15. Rad1 Ne5 16. Be2 Rfd8 17. Bg3 Bf6 18. Qd2 Qb6 19. Rb1 d5 20. exd5 cxd5 21.
a5 Qc6 22. Bb5 Qc8 23. Ne2 Nc4 24. Qc1 a6 25. Ba4 b5 26. axb6 Nxb6 27. Bb3 Nc4
28. Nf4 Bc3 29. Bxc4 Qxc4 30. Nxe6 fxe6 31. Qg5 Re8 32. Be5 Bxe5 33. Qxe5 Qxc2
34. Rbc1 Qg6 35. Rc7 Qf6 36. f4 Rac8 37. Rfc1 Qxe5 38. fxe5 Rxc7 39. Rxc7 Rb8
40. Re7 Rb6 41. Kf2 Kf8 42. Ra7 Rxb4 43. Rxa6 Kf7 44. Ra7+ Kg6 45. Rc7 Kf5 46.
Rxg7 h5 47. Rh7 h4 48. Rh5+ Kg6 49. Rh8 Re4 50. Kf3 Kg5 51. g4 hxg3 52. Kxg3
Re3+ 53. Kf2 Rxe5 54. Kf3 Re4 55. Rh7 Rc4 56. Ke3 Rh4 57. Re7 Rxh3+ 58. Kd4 Kf6
59. Re8 Rh4+ 60. Ke3 Ke5 61. Kd3 Rh3+ 62. Ke2 Kf5 63. Rd8 Ke4 64. Rg8 Rh2+ 65.
Kd1 d4 66. Rg6 e5 67. Rg3 Kd5 68. Rg8 Kc4 69. Rg3 e4 70. Ra3 e3 71. Ra4+ Kd5
72. Ra8 Ke4 73. Ra3 d3 74. Ra4+ Kd5 75. Ra5+ Ke4 76. Ra4+ Kf3 0-1

[Event "CRO Team Cup"]
[Site "Mali Losinj"]
[Date "2017.05.11"]
[Round "2.94"]
[White "Strukelj, Zlatko"]
[Black "Erenda, Bruno"]
[Result "0-1"]
[WhiteElo "1755"]
[BlackElo "1989"]
[PlyCount "84"]
[EventDate "2017.??.??"]

1. e4 e6 2. d4 d5 3. Nd2 Be7 4. c3 c5 5. Bd3 Nc6 6. Ne2 cxd4 7. cxd4 dxe4 8.
Nxe4 Nf6 9. O-O O-O 10. Bb1 Qb6 11. Nxf6+ Bxf6 12. Qc2 g6 13. Be3 Nxd4 14. Nxd4
Bxd4 15. Bxd4 Qxd4 16. Rd1 Qf6 17. a4 Rd8 18. Rxd8+ Qxd8 19. Ba2 Bd7 20. Rd1
Qe8 21. b3 Bc6 22. Qd2 Qe7 23. Bb1 Bd5 24. Bc2 Rc8 25. b4 Qf6 26. Rb1 Qe5 27.
a5 a6 28. f3 Qc7 29. Bd3 Qe5 30. Be2 Qf5 31. Rb2 h5 32. Bd3 Qf6 33. Bf1 Kg7 34.
b5 axb5 35. Bxb5 h4 36. f4 Qd8 37. Qd4+ Kg8 38. a6 Qa5 39. Qb4 Qb6+ 40. Kf1
Rc1+ 41. Ke2 bxa6 42. Bd7 Rc2+ 0-1

[Event "CRO Team Cup"]
[Site "Mali Losinj"]
[Date "2017.05.11"]
[Round "2.101"]
[White "Popovic, Ivo"]
[Black "Drmic, Tomislav"]
[Result "0-1"]
[WhiteElo "2172"]
[BlackElo "2247"]
[PlyCount "112"]
[EventDate "2017.??.??"]

1. d4 d5 2. Nf3 Nf6 3. g3 e6 4. Bg2 c5 5. O-O Nc6 6. c3 Be7 7. dxc5 Bxc5 8.
Nbd2 O-O 9. Nb3 Bb6 10. Bg5 h6 11. Bf4 Re8 12. Ne5 Nd7 13. Nxd7 Bxd7 14. e4
dxe4 15. Bxe4 e5 16. Be3 Bxe3 17. fxe3 Qe7 18. Bd5 Be6 19. Bxe6 Qxe6 20. e4
Rad8 21. Qe2 Rd6 22. Rad1 Red8 23. Rxd6 Qxd6 24. Qf3 Rd7 25. Rf2 Nd8 26. Rd2
Qb6+ 27. Rf2 Ne6 28. Kg2 a5 29. Qf5 Qc7 30. Nd2 Nc5 31. Nf3 Nd3 32. Re2 Rd6 33.
Nxe5 g6 34. Nxg6 Rxg6 35. e5 Qc4 36. Re4 Qe6 37. Qf3 Nc5 38. Rf4 Qxa2 39. Rf6
Rxf6 40. exf6 Qe6 41. b4 Qe4 42. bxa5 Qxf3+ 43. Kxf3 Nb3 44. h4 Nxa5 45. h5 Nc6
46. Ke4 b5 47. Kd5 b4 48. cxb4 Nxb4+ 49. Ke4 Nc6 50. g4 Nd8 51. Ke5 Ne6 52. Kd6
Kf8 53. Kd7 Ng5 54. Kd6 Ke8 55. Kd5 Kd7 56. Ke5 Kc6 0-1

[Event "CRO Team Cup"]
[Site "Mali Losinj"]
[Date "2017.05.11"]
[Round "2.102"]
[White "Aleksic, Robert"]
[Black "Miskovic, Bozo"]
[Result "1/2-1/2"]
[WhiteElo "2132"]
[BlackElo "2029"]
[PlyCount "82"]
[EventDate "2017.??.??"]

1. e4 c6 2. c4 g6 3. Nc3 Bg7 4. d4 d6 5. Be3 Nd7 6. Qd2 a6 7. a4 Qa5 8. Rb1
Ngf6 9. b4 Qc7 10. h3 O-O 11. Nf3 Rd8 12. Be2 c5 13. bxc5 dxc5 14. d5 Ne8 15.
O-O Ne5 16. Nxe5 Qxe5 17. Rfc1 Qc7 18. f4 e5 19. Bd3 exf4 20. Bxf4 Be5 21. Ne2
Bxf4 22. Qxf4 Qxf4 23. Nxf4 f6 24. Rb6 Kf7 25. Rcb1 Rd6 26. Ne2 Ke7 27. a5 Rb8
28. Nc3 Rxb6 29. Rxb6 Bd7 30. Kf2 Nd6 31. Ke3 Nc8 32. Rb1 Nd6 33. Kd2 Rf8 34.
Rb6 Rb8 35. Rb1 Rf8 36. Be2 Rb8 37. Kd3 Kd8 38. Rb6 Ke7 39. Bd1 Nc8 40. Rb2 b5
41. axb6 Rxb6 1/2-1/2

[Event "CRO Team Cup"]
[Site "Mali Losinj"]
[Date "2017.05.11"]
[Round "2.103"]
[White "Cecuk, Marijo"]
[Black "Leakovic, Ivica"]
[Result "0-1"]
[WhiteElo "2058"]
[BlackElo "2103"]
[PlyCount "80"]
[EventDate "2017.??.??"]

1. d4 Nf6 2. Nf3 d6 3. c4 c6 4. Qc2 Nbd7 5. Nc3 e5 6. e4 Be7 7. Bg5 Qa5 8.
O-O-O exd4 9. Rxd4 Ne5 10. Bxf6 Nxf3 11. gxf3 gxf6 12. Rg1 Qe5 13. Ne2 Qxh2 14.
Rg2 Qh1 15. Ng3 Qh4 16. Kb1 Qf4 17. Qd1 Qe5 18. Rh2 h5 19. Qd2 h4 20. f4 Qc5
21. Be2 Bd7 22. b4 Qb6 23. c5 Qd8 24. cxd6 Bf8 25. Nh5 Rh6 26. f5 Qb6 27. Qb2
O-O-O 28. Rh1 Kb8 29. Bf3 Qb5 30. Be2 Qe5 31. f4 Qe8 32. Bf3 Rc8 33. Rd2 Qd8
34. Rc1 h3 35. Ng3 h2 36. e5 Rh3 37. Be4 Rxg3 38. Rxh2 fxe5 39. fxe5 Qg5 40.
Rf2 Re3 0-1

[Event "CRO Team Cup"]
[Site "Mali Losinj"]
[Date "2017.05.11"]
[Round "2.104"]
[White "Zubak, Zeljko"]
[Black "Saric, Branko"]
[Result "1-0"]
[WhiteElo "2005"]
[BlackElo "1879"]
[PlyCount "65"]
[EventDate "2017.??.??"]

1. d4 c6 2. c4 d5 3. Nc3 Nf6 4. Bf4 e6 5. e3 Bd6 6. Bg3 O-O 7. Nf3 Bc7 8. Bd3
Nbd7 9. Rc1 a6 10. O-O h6 11. a3 Bxg3 12. hxg3 Re8 13. e4 dxc4 14. Bxc4 b6 15.
e5 Nd5 16. Ne4 Re7 17. Ba2 Bb7 18. Nd6 Qc7 19. Qc2 Nb8 20. Bb1 g6 21. Rfe1 Qd7
22. Re4 f5 23. Rh4 Rh7 24. Qd2 Kg7 25. g4 Ra7 26. gxf5 gxf5 27. Rh3 Ne7 28.
Rg3+ Kf8 29. Nh4 Qxd6 30. Ng6+ Nxg6 31. Bxf5 Qd7 32. Bxg6 Rg7 33. Qxh6 1-0

[Event "CRO Team Cup"]
[Site "Mali Losinj"]
[Date "2017.05.11"]
[Round "2.111"]
[White "Bender, Ivan"]
[Black "Bulic, Domagoj"]
[Result "1-0"]
[WhiteElo "2248"]
[BlackElo "2187"]
[PlyCount "57"]
[EventDate "2017.??.??"]

1. e4 c6 2. d4 d5 3. e5 Bf5 4. Nf3 e6 5. Be2 c5 6. c4 dxc4 7. Bxc4 cxd4 8. Nxd4
Be4 9. O-O Nc6 10. Bb5 Bc5 11. Nxc6 bxc6 12. Qg4 cxb5 13. Qxe4 Ne7 14. Nc3 Rb8
15. Bg5 Qd4 16. Rad1 Qxe4 17. Nxe4 Bb4 18. a3 Ba5 19. Nd6+ Kf8 20. b4 Bc7 21.
Bxe7+ Kxe7 22. Nxf7 Rhf8 23. Ng5 Bxe5 24. Rfe1 Rf5 25. f4 h6 26. Nf3 Bc7 27.
Nd4 Bb6 28. Rxe6+ Kf7 29. Rxb6 1-0

[Event "CRO Team Cup"]
[Site "Mali Losinj"]
[Date "2017.05.11"]
[Round "2.112"]
[White "Barcal, Aleksandar"]
[Black "Jelcic, Marko"]
[Result "0-1"]
[WhiteElo "2001"]
[BlackElo "2147"]
[PlyCount "80"]
[EventDate "2017.??.??"]

1. e4 c5 2. Nf3 g6 3. d4 cxd4 4. Nxd4 Nc6 5. Nc3 Bg7 6. Be3 d6 7. Qd2 Nf6 8. f3
O-O 9. Bc4 Bd7 10. O-O-O Rc8 11. Bb3 Ne5 12. Bh6 Nc4 13. Bxc4 Rxc4 14. Bxg7
Kxg7 15. g4 Qa5 16. h4 h5 17. gxh5 Nxh5 18. f4 Rxc3 19. bxc3 Qxa2 20. Qe3 e5
21. fxe5 dxe5 22. Nb3 Qa3+ 23. Kb1 Be6 24. Qc5 Qxc5 25. Nxc5 Bg4 26. Rd5 f6 27.
Rg1 Bh3 28. Nxb7 Nf4 29. Rb5 Ne2 30. Rh1 Nxc3+ 31. Kb2 Nxb5 32. Rxh3 Rb8 33.
Nc5 Nd4+ 34. Nb3 f5 35. h5 f4 36. hxg6 Kxg6 37. Rh2 Kg5 38. Kc3 Nxb3 39. cxb3
f3 40. Kc4 Kf4 0-1

[Event "CRO Team Cup"]
[Site "Mali Losinj"]
[Date "2017.05.11"]
[Round "2.113"]
[White "Ivankovic, Ivo"]
[Black "Kovacevic, Matija"]
[Result "1/2-1/2"]
[WhiteElo "2174"]
[BlackElo "1993"]
[PlyCount "68"]
[EventDate "2017.??.??"]

1. c4 Nf6 2. Nf3 c5 3. g3 Nc6 4. Bg2 g6 5. O-O Bg7 6. Nc3 O-O 7. d4 cxd4 8.
Nxd4 Nxd4 9. Qxd4 d6 10. Qd3 Nd7 11. b3 Nc5 12. Qc2 Bf5 13. Qd2 Ne4 14. Bxe4
Bxe4 15. Bb2 Bc6 16. Nd5 Bxb2 17. Qxb2 Bxd5 18. cxd5 Qa5 19. e4 Qb4 20. f3 Rac8
21. Rac1 Rc5 22. Rf2 Rfc8 23. Rfc2 Rxc2 24. Rxc2 Rxc2 25. Qxc2 Qc5+ 26. Qxc5
dxc5 27. a4 b6 28. e5 Kf8 29. Kf2 a6 30. Ke3 Ke8 31. Kd3 b5 32. axb5 axb5 33.
f4 f5 34. Kc3 Kd7 1/2-1/2

[Event "CRO Team Cup"]
[Site "Mali Losinj"]
[Date "2017.05.11"]
[Round "2.114"]
[White "Juras, Zvonko"]
[Black "Music, Tomislav"]
[Result "0-1"]
[WhiteElo "1914"]
[BlackElo "2066"]
[PlyCount "104"]
[EventDate "2017.??.??"]

1. e4 c5 2. Nf3 d6 3. d4 cxd4 4. Nxd4 Nf6 5. Nc3 a6 6. Be2 e5 7. Nb3 Be6 8. Be3
Be7 9. O-O O-O 10. f3 d5 11. exd5 Bxd5 12. Nxd5 Nxd5 13. Qd2 Nxe3 14. Qxe3 Bg5
15. Qf2 Nc6 16. c3 Qe7 17. Bd3 Rad8 18. Rad1 g6 19. Rfe1 Qc7 20. g3 Na5 21. Qc5
Nc6 22. Be4 Be7 23. Qf2 Rxd1 24. Rxd1 Na5 25. Kg2 Nc4 26. Qe2 Bg5 27. Rd3 b5
28. h4 Bh6 29. Na1 Qc5 30. b3 Ne3+ 31. Kh2 f5 32. Bb7 f4 33. g4 Qe7 34. Bd5+
Nxd5 35. Rxd5 Qxh4+ 36. Kg1 Qg3+ 37. Kh1 Qh3+ 38. Kg1 Qg3+ 39. Kh1 Bg7 40. Nc2
h5 41. Qg2 Qxg2+ 42. Kxg2 hxg4 43. fxg4 Rc8 44. Nb4 Rxc3 45. Rd6 a5 46. Nd5
Rg3+ 47. Kf2 Rxg4 48. a4 bxa4 49. bxa4 e4 50. Ne7+ Kh7 51. Rd4 f3 52. Nc6 Rg2+
0-1

[Event "CRO Team Cup"]
[Site "Mali Losinj"]
[Date "2017.05.11"]
[Round "2.121"]
[White "Sasvari, Zelimir"]
[Black "Tomulic, Teo"]
[Result "0-1"]
[WhiteElo "2199"]
[BlackElo "2319"]
[PlyCount "98"]
[EventDate "2017.??.??"]

1. Nf3 Nf6 2. g3 c5 3. Bg2 Nc6 4. d3 d5 5. Nbd2 e5 6. e4 d4 7. a4 Bd6 8. Nc4
Bc7 9. Bd2 a6 10. O-O O-O 11. Qe1 Re8 12. b3 b6 13. b4 cxb4 14. Bxb4 Nxb4 15.
Qxb4 Rb8 16. Rfb1 b5 17. axb5 axb5 18. Na5 Bd6 19. Qd2 Qc7 20. Nb3 Be6 21. Ng5
Bd7 22. Bh3 Rec8 23. Bxd7 Nxd7 24. Ra2 Nb6 25. Nf3 Na4 26. Rba1 Qe7 27. Nh4 g6
28. Rf1 Bb4 29. Qh6 Nc3 30. Ra6 Ne2+ 31. Kg2 Rxc2 32. Nf3 Rbc8 33. Rb6 Rb2 34.
Ng5 f6 35. Qh3 f5 36. Qh6 Qg7 37. Qh4 Be7 38. exf5 gxf5 39. Ne6 Bxh4 40. Nxg7
Kxg7 41. Rxb5 Bf6 42. Rb7+ Kg6 43. Ra1 Nc1 44. Raa7 Rxb3 45. Rxh7 Rh8 46. Rhd7
Nxd3 47. Ra6 Rb2 48. Rdd6 Rf8 49. h4 Nxf2 0-1

[Event "CRO Team Cup"]
[Site "Mali Losinj"]
[Date "2017.05.11"]
[Round "2.122"]
[White "Begonja, Veljko"]
[Black "Susnjar, Miroslav"]
[Result "1/2-1/2"]
[WhiteElo "2125"]
[BlackElo "2160"]
[PlyCount "55"]
[EventDate "2017.??.??"]

1. d4 Nf6 2. Nf3 g6 3. Bg5 Bg7 4. Nbd2 d6 5. e4 O-O 6. Bd3 c5 7. dxc5 dxc5 8.
Qe2 Nc6 9. c3 Qc7 10. h3 Nh5 11. Qe3 Rd8 12. Be2 b6 13. a4 Bb7 14. Nc4 Nf6 15.
O-O a6 16. Bf4 e5 17. Bg5 Rab8 18. Nfd2 Bc8 19. Rad1 b5 20. axb5 axb5 21. Na3
c4 22. Qf3 Rd6 23. Ndb1 h6 24. Rxd6 Qxd6 25. Rd1 Qc7 26. Be3 Be6 27. Nd2 Nd7
28. Nf1 1/2-1/2

[Event "CRO Team Cup"]
[Site "Mali Losinj"]
[Date "2017.05.11"]
[Round "2.123"]
[White "Kovacevic, Srecko"]
[Black "Safar, Sandro"]
[Result "0-1"]
[WhiteElo "2102"]
[BlackElo "2179"]
[PlyCount "88"]
[EventDate "2017.??.??"]

1. d4 d5 2. Nf3 Nf6 3. e3 e6 4. Bd3 Nbd7 5. O-O Bd6 6. c4 c6 7. Nc3 O-O 8. e4
dxe4 9. Nxe4 Nxe4 10. Bxe4 f5 11. Bd3 e5 12. c5 Be7 13. Qb3+ Kh8 14. Nxe5 Nxe5
15. dxe5 Bxc5 16. Bd2 Be6 17. Bc4 Bxc4 18. Qxc4 Qxd2 19. Qxc5 Rad8 20. e6 Qd4
21. Rac1 Qxc5 22. Rxc5 Rde8 23. Re5 Re7 24. Rd1 g6 25. f4 Kg7 26. Kf2 Kf6 27.
Re3 Rxe6 28. Ra3 Rfe8 29. Rd2 a6 30. g3 h6 31. h4 g5 32. hxg5+ hxg5 33. fxg5+
Kxg5 34. Rad3 Rh8 35. Kf3 Rh1 36. Rd7 b6 37. Rd1 Rxd1 38. Rxd1 Rh6 39. Rd2 a5
40. Rc2 Rd6 41. a4 Rd3+ 42. Kf2 c5 43. Kg2 Rb3 44. Re2 Kg4 0-1

[Event "CRO Team Cup"]
[Site "Mali Losinj"]
[Date "2017.05.11"]
[Round "2.124"]
[White "Stojkovic, Andreja"]
[Black "Sesar, Ante"]
[Result "1-0"]
[WhiteElo "1939"]
[BlackElo "1630"]
[PlyCount "89"]
[EventDate "2017.??.??"]

1. e4 c5 2. Nc3 Nc6 3. Nf3 e5 4. Bb5 Nge7 5. O-O a6 6. Bc4 h6 7. Nd5 d6 8. h3
b5 9. Nxe7 Nxe7 10. Be2 Be6 11. c3 Nc6 12. d4 exd4 13. cxd4 cxd4 14. Nxd4 Nxd4
15. Qxd4 Rc8 16. a4 Bc4 17. Re1 Bxe2 18. Rxe2 Rc4 19. Qd3 Qc8 20. Bf4 Qe6 21.
axb5 axb5 22. Rd1 Be7 23. Bxd6 Bxd6 24. Qxd6 Qxd6 25. Rxd6 O-O 26. Rb6 Rb4 27.
f3 Re8 28. Kf2 Rc8 29. Rb7 Rb3 30. f4 Rc4 31. Rb8+ Kh7 32. Rd8 Rcb4 33. Rdd2 h5
34. g3 Kh6 35. e5 g5 36. f5 g4 37. hxg4 hxg4 38. e6 Rf3+ 39. Ke1 Rbb3 40. e7
Rxg3 41. e8=Q Rg1+ 42. Kf2 Rbg3 43. Qh8+ Kg5 44. Qg7+ Kxf5 45. Re5+ 1-0

[Event "CRO Team Cup"]
[Site "Mali Losinj"]
[Date "2017.05.11"]
[Round "3.11"]
[White "Stevic, Hrvoje"]
[Black "Bosiocic, Marin"]
[Result "1-0"]
[WhiteElo "2600"]
[BlackElo "2603"]
[PlyCount "43"]
[EventDate "2017.??.??"]

1. e4 e5 2. Nf3 Nc6 3. d4 exd4 4. Nxd4 Bc5 5. Nxc6 bxc6 6. Bd3 d6 7. O-O Nf6 8.
Nc3 Ng4 9. h3 Ne5 10. Na4 Bb6 11. b3 g5 12. Nxb6 axb6 13. Qh5 g4 14. Bg5 Qd7
15. f4 gxf3 16. Bf6 Rg8 17. Bxe5 Ra5 18. Qxh7 Rxg2+ 19. Kh1 Rxe5 20. Qh8+ Ke7
21. Rxf3 Rg6 22. Bc4 1-0

[Event "CRO Team Cup"]
[Site "Mali Losinj"]
[Date "2017.05.11"]
[Round "3.12"]
[White "Tica, Sven"]
[Black "Palac, Mladen"]
[Result "1/2-1/2"]
[WhiteElo "2332"]
[BlackElo "2573"]
[PlyCount "95"]
[EventDate "2017.??.??"]

1. d4 d5 2. c4 e6 3. Nf3 Nf6 4. g3 Bb4+ 5. Bd2 Be7 6. Bg2 c6 7. Qc2 b6 8. Bf4
O-O 9. O-O Nbd7 10. Nc3 dxc4 11. Nd2 Nd5 12. Nxc4 Nxf4 13. gxf4 Bb7 14. Rfd1
Nf6 15. Ne5 Nd5 16. e3 Rc8 17. Rac1 f6 18. Nd3 Bd6 19. Qb3 Rf7 20. Ne2 f5 21.
Ne5 Rfc7 22. Nc3 Qe7 23. a3 Bxe5 24. fxe5 Rd8 25. Rc2 Nxc3 26. Rxc3 c5 27. Bxb7
Rxb7 28. dxc5 Rxd1+ 29. Qxd1 bxc5 30. Qd6 Qxd6 31. exd6 Rxb2 32. Rxc5 Rd2 33.
Rc8+ Kf7 34. Rc7+ Kf6 35. Rxa7 Rxd6 36. Kg2 h6 37. h4 Rc6 38. a4 e5 39. a5 Rc4
40. Kg3 Rg4+ 41. Kh3 Rg1 42. a6 Rh1+ 43. Kg3 Ra1 44. Ra8 Kg6 45. a7 Kh5 46. Rf8
f4+ 47. exf4 exf4+ 48. Rxf4 1/2-1/2

[Event "CRO Team Cup"]
[Site "Mali Losinj"]
[Date "2017.05.11"]
[Round "3.13"]
[White "Kozul, Zdenko"]
[Black "Golubovic, Boris"]
[Result "0-1"]
[WhiteElo "2617"]
[BlackElo "2404"]
[PlyCount "142"]
[EventDate "2017.??.??"]

1. d4 d5 2. c4 c6 3. Nc3 e5 4. dxe5 d4 5. Ne4 Qa5+ 6. Bd2 Qxe5 7. Ng3 Nf6 8.
Nf3 Qd6 9. Qc2 Be7 10. e3 dxe3 11. Bxe3 O-O 12. Be2 Re8 13. O-O Qc7 14. Bd4 Bg4
15. Rfe1 Nbd7 16. h3 Bxf3 17. Bxf3 Bc5 18. Bxc5 Nxc5 19. Qc3 a5 20. Rad1 Rad8
21. Rxe8+ Nxe8 22. Re1 Nf6 23. Nf5 Re8 24. Rxe8+ Nxe8 25. g3 Nd7 26. Qd4 Ne5
27. Bg2 g6 28. Nh6+ Kg7 29. Ng4 f6 30. Ne3 Qd6 31. Qa7 Qb4 32. b3 Kf8 33. f4
Nd3 34. Qd4 Qd6 35. Qc3 Qd8 36. c5 Nb4 37. a3 Qd3 38. Qxd3 Nxd3 39. Nc4 Nxc5
40. Nxa5 Nd6 41. b4 Ne6 42. Nb3 Ke7 43. Bf1 Nc7 44. Na5 Ncb5 45. Bxb5 cxb5 46.
Kf2 Ke6 47. Nb3 Kd5 48. Kf3 b6 49. Na1 Kc4 50. Nc2 Nf5 51. Ne1 Kd4 52. g4 Nd6
53. Nc2+ Kc3 54. Ne3 Kd4 55. Nc2+ Kc3 56. Ne3 Kb3 57. Nd5 Kxa3 58. Ke3 Kb3 59.
Kd4 f5 60. g5 Nf7 61. h4 Nd8 62. Nxb6 Kxb4 63. Nd5+ Ka4 64. Ke5 b4 65. Kf6 b3
66. Nc3+ Kb4 67. Nd1 Ka3 68. h5 gxh5 69. Kxf5 b2 70. Nxb2 Kxb2 71. Ke4 Nf7 0-1

[Event "CRO Team Cup"]
[Site "Mali Losinj"]
[Date "2017.05.11"]
[Round "3.14"]
[White "Petrov, Jole"]
[Black "Jankovic, Alojzije"]
[Result "0-1"]
[WhiteElo "2390"]
[BlackElo "2582"]
[PlyCount "76"]
[EventDate "2017.??.??"]

1. d4 Nf6 2. Bf4 g6 3. e3 d6 4. h3 Bg7 5. Nf3 O-O 6. c3 b6 7. Nbd2 Bb7 8. Bc4
Nbd7 9. O-O Qe8 10. Bh2 e5 11. a4 a6 12. Qe2 Qe7 13. Rfd1 Kh8 14. dxe5 dxe5 15.
e4 Ne8 16. Bd5 c6 17. Bb3 Nd6 18. Bc2 b5 19. Nb3 Nc4 20. Bd3 Ncb6 21. Na5 Nc5
22. axb5 axb5 23. Bc2 f6 24. Nd2 Bh6 25. Ndb3 Nca4 26. Nxb7 Qxb7 27. Rab1 Nc4
28. Bd3 Ncxb2 29. Rxb2 Nxc3 30. Qc2 Nxd1 31. Qxd1 Rfd8 32. Qb1 Qb6 33. Be2 c5
34. Na1 Rd2 35. Rxb5 Qa7 36. Bc4 Qxa1 37. Rb8+ Bf8 38. Rxf8+ Kg7 0-1

[Event "CRO Team Cup"]
[Site "Mali Losinj"]
[Date "2017.05.11"]
[Round "3.21"]
[White "Lalic, Bogdan"]
[Black "Saric, Ivan"]
[Result "1/2-1/2"]
[WhiteElo "2449"]
[BlackElo "2618"]
[PlyCount "50"]
[EventDate "2017.??.??"]

1. d4 Nf6 2. c4 g6 3. Nc3 Bg7 4. e4 d6 5. Nf3 O-O 6. Be2 e5 7. O-O Na6 8. Be3
c6 9. dxe5 dxe5 10. Qxd8 Rxd8 11. Rfd1 Rxd1+ 12. Rxd1 Bg4 13. a3 Bxf3 14. Bxf3
Nc7 15. Na4 Ne6 16. Nc5 Nxc5 17. Bxc5 Bf8 18. Be3 Be7 19. g4 Kf8 20. g5 Ne8 21.
Rd7 b6 22. b4 a5 23. Bxb6 axb4 24. axb4 Bxb4 25. c5 Ng7 1/2-1/2

[Event "CRO Team Cup"]
[Site "Mali Losinj"]
[Date "2017.05.11"]
[Round "3.22"]
[White "Markus, Robert"]
[Black "Plenkovic, Zdenko"]
[Result "1-0"]
[WhiteElo "2673"]
[BlackElo "2413"]
[PlyCount "51"]
[EventDate "2017.??.??"]

1. d4 Nf6 2. c4 g6 3. Nf3 Bg7 4. g3 O-O 5. Bg2 d5 6. cxd5 Nxd5 7. O-O Nb6 8.
Nc3 Nc6 9. e3 Re8 10. h3 e5 11. d5 Na5 12. Qc2 e4 13. Nd4 Bxd4 14. exd4 f5 15.
Bh6 Nac4 16. f3 e3 17. b3 Nd6 18. Rae1 Nf7 19. Bxe3 Nxd5 20. Nxd5 Qxd5 21. Qxc7
Qd7 22. Bf4 Qxd4+ 23. Kh2 Qd7 24. Qc3 b6 25. Bc1 Nd6 26. Bb2 1-0

[Event "CRO Team Cup"]
[Site "Mali Losinj"]
[Date "2017.05.11"]
[Round "3.23"]
[White "Loncar, Robert"]
[Black "Kovacevic, Blazimir"]
[Result "0-1"]
[WhiteElo "2356"]
[BlackElo "2479"]
[PlyCount "128"]
[EventDate "2017.??.??"]

1. d4 f5 2. g3 Nf6 3. Bg2 g6 4. b3 Bg7 5. Bb2 O-O 6. Nd2 d5 7. Nh3 c6 8. O-O
Na6 9. Nf4 Nc7 10. Nf3 Ne4 11. Nd3 Ne6 12. Nfe5 f4 13. gxf4 Nxf4 14. Nxf4 Rxf4
15. e3 Rf8 16. f3 Nd6 17. e4 Qb6 18. Kh1 Be6 19. Rb1 Rad8 20. Qe2 dxe4 21. fxe4
Rxf1+ 22. Rxf1 Bxe5 23. dxe5 Nc4 24. Bc1 Nxe5 25. Qe1 Qc5 26. Qh4 Rf8 27. Rxf8+
Kxf8 28. Qxh7 Qxc2 29. Bh6+ Ke8 30. h3 Qd1+ 31. Kh2 Qh5 32. Kg3 Nf7 33. Qg8+
Kd7 34. Be3 g5 35. Qb8 Nd6 36. e5 Nf5+ 37. Kf2 Qh4+ 38. Ke2 Qb4 39. Qxa7 g4 40.
Bb6 Ke8 41. hxg4 Nh4 42. Bf1 Bxg4+ 43. Ke3 Nf5+ 44. Kf2 Qf4+ 45. Ke1 Qxe5+ 46.
Kd2 Qf4+ 47. Ke1 Qg3+ 48. Kd2 Nd6 49. Bd3 Bf5 50. Bxf5 Qf4+ 51. Be3 Qxf5 52.
Qa8+ Kd7 53. Qa4 Qf3 54. Qd4 Qg2+ 55. Kc3 Qxa2 56. Qg4+ Kc7 57. Qe6 Qa1+ 58.
Kd3 Qf1+ 59. Kd2 Qf7 60. Qe5 Qd5+ 61. Qxd5 cxd5 62. Bf4 Kc6 63. Bh6 e5 64. Bg7
e4 0-1

[Event "CRO Team Cup"]
[Site "Mali Losinj"]
[Date "2017.05.11"]
[Round "3.24"]
[White "Kuljasevic, Davorin"]
[Black "Brulic, Denis"]
[Result "1-0"]
[WhiteElo "2542"]
[BlackElo "2261"]
[PlyCount "111"]
[EventDate "2017.??.??"]

1. d4 Nf6 2. c4 e6 3. Nc3 Bb4 4. Qc2 d5 5. cxd5 Qxd5 6. Nf3 Qf5 7. Qxf5 exf5 8.
a3 Be7 9. Bf4 c6 10. e3 Nbd7 11. Bc4 Nb6 12. Ba2 Nfd5 13. Bxd5 Nxd5 14. Nxd5
cxd5 15. Rc1 Bd7 16. Ne5 Bb5 17. Kd2 f6 18. Nd3 Bc6 19. Rc3 a5 20. Bc7 Kd7 21.
Bb6 Rhc8 22. Rhc1 Bd6 23. Bc5 Bc7 24. b3 a4 25. bxa4 Bxa4 26. Bb4 Bb6 27. Rxc8
Rxc8 28. Rxc8 Kxc8 29. Nf4 Bc6 30. Nh5 g6 31. Nxf6 h5 32. f4 Bd8 33. Nh7 Be8
34. Nf8 Bf7 35. Kc3 Bf6 36. Bd6 Be8 37. Kb4 Bg7 38. Ne6 Bf6 39. Kc5 Bf7 40. Nc7
b6+ 41. Kxb6 Bd8 42. Kc6 Bxc7 43. Bxc7 Be8+ 44. Kd6 Ba4 45. Ba5 Bc2 46. Kxd5
Kd7 47. Ke5 Be4 48. Kf6 Bxg2 49. Kxg6 Ke6 50. Kxh5 Bh3 51. Kh4 Bf1 52. Kg5 Bh3
53. Bb6 Kd5 54. a4 Ke4 55. a5 Bf1 56. h4 1-0

[Event "CRO Team Cup"]
[Site "Mali Losinj"]
[Date "2017.05.11"]
[Round "3.31"]
[White "Brkic, Ante"]
[Black "Sedlak, Nikola"]
[Result "0-1"]
[WhiteElo "2553"]
[BlackElo "2523"]
[PlyCount "116"]
[EventDate "2017.??.??"]

1. e4 e6 2. d4 d5 3. Nc3 Nf6 4. e5 Nfd7 5. f4 c5 6. Nf3 a6 7. Be3 Qb6 8. Na4
Qa5+ 9. c3 cxd4 10. b4 Qc7 11. Qxd4 Nc6 12. Qd2 Be7 13. Bd3 b5 14. Nb2 a5 15.
Nd4 axb4 16. Nxb5 Qb8 17. c4 b3 18. O-O d4 19. Nxd4 Nxd4 20. Bxd4 bxa2 21. Be4
Bb7 22. Bxb7 Qxb7 23. Nd1 Qb3 24. Nc3 O-O 25. Rxa2 Qxc4 26. Rc1 Rad8 27. Ne2
Qd5 28. Nc3 Qc6 29. Ne2 Qd5 30. Nc3 Qb3 31. Qe3 Nb8 32. Rb1 Qc4 33. Ra4 Qc8 34.
Ne2 Nc6 35. Rc1 Qb7 36. Bb6 Rb8 37. Bc5 Qb5 38. Rac4 Rfd8 39. Bxe7 Nxe7 40. Rc5
Qa4 41. R5c4 Qa5 42. Qc5 Qxc5+ 43. Rxc5 h6 44. g3 Nd5 45. R5c2 Kh7 46. Rc4 Rb2
47. R4c2 Rb3 48. Rc8 Rd7 49. Kf2 Ra7 50. R1c2 Ra1 51. Rd2 Rbb1 52. Kg2 h5 53.
Kh3 Rf1 54. Nd4 Ra3 55. Kh4 Nxf4 56. gxf4 Rxf4+ 57. Kg5 Rg4+ 58. Kxh5 Rg1 0-1

[Event "CRO Team Cup"]
[Site "Mali Losinj"]
[Date "2017.05.11"]
[Round "3.32"]
[White "Krstic, Uros"]
[Black "Stocko, Josip"]
[Result "1/2-1/2"]
[WhiteElo "2383"]
[BlackElo "2331"]
[PlyCount "50"]
[EventDate "2017.??.??"]

1. g3 c5 2. Bg2 g6 3. e4 Bg7 4. Nf3 Nc6 5. O-O d6 6. Re1 e5 7. c3 Nge7 8. a3 a5
9. a4 O-O 10. Na3 Re8 11. d3 b6 12. Nd2 Be6 13. Ndc4 d5 14. exd5 Bxd5 15. Nb5
Bxg2 16. Kxg2 Nd5 17. Qf3 Re6 18. Bg5 Qd7 19. Rad1 h6 20. Bc1 Rd8 21. h4 Rf6
22. Qe4 Re6 23. Qf3 Rf6 24. Qe2 Re6 25. Qf3 Rf6 1/2-1/2

[Event "CRO Team Cup"]
[Site "Mali Losinj"]
[Date "2017.05.11"]
[Round "3.33"]
[White "Goric, Esad"]
[Black "Trbojevic, Mladen"]
[Result "1/2-1/2"]
[WhiteElo "2279"]
[BlackElo "2346"]
[PlyCount "134"]
[EventDate "2017.??.??"]

1. c4 e5 2. e3 Nf6 3. Nc3 Nc6 4. Nd5 g6 5. Nxf6+ Qxf6 6. Ne2 Bg7 7. Nc3 O-O 8.
Be2 d6 9. O-O Qd8 10. Nd5 Nb8 11. d4 Nc6 12. dxe5 Nxe5 13. Bd2 Be6 14. Bc3 c6
15. Nf4 Bxc4 16. Bxc4 Nxc4 17. Bxg7 Kxg7 18. Qd4+ Ne5 19. Rad1 Qb6 20. Qxd6
Rfe8 21. Qa3 a5 22. b3 Rad8 23. Qb2 Kg8 24. Rd4 Rxd4 25. exd4 Nc4 26. Qc3 Nd6
27. d5 Ne4 28. Qc2 c5 29. Nd3 Nf6 30. Qxc5 Qxc5 31. Nxc5 b6 32. Na4 Nxd5 33. g3
b5 34. Rd1 Ne3 35. fxe3 bxa4 36. bxa4 Re4 37. Kf2 Rxa4 38. Rd2 Kg7 39. Kf3 Kf6
40. h4 Ke6 41. Rb2 Kf6 42. Ke2 Rc4 43. Kf3 Kg7 44. Rb5 Ra4 45. Rb2 Kh6 46. Rc2
f6 47. Rc6 f5 48. Rc2 Kh5 49. Rb2 Rb4 50. Rc2 h6 51. Rc5 Ra4 52. Rc2 Ra3 53.
Kf4 Ra4+ 54. Kf3 g5 55. hxg5 hxg5 56. Rd2 Ra3 57. Rd5 Kg6 58. Rd2 a4 59. Rb2
Rc3 60. Rb4 a3 61. Ra4 Kf6 62. Ra6+ Ke5 63. Ra5+ Ke6 64. Ra6+ Kf7 65. Ra5 Kg6
66. Ra6+ Kh5 67. Ra5 Kg6 1/2-1/2